| 000 | 00504nam a2200193Ia 4500 | ||
|---|---|---|---|
| 005 | 20260402112128.0 | ||
| 008 | 131103s9999 xx 000 0 und d | ||
| 040 | _aLoreto College | ||
| 041 | _aEnglish | ||
| 082 |
_a822.33(ID) _bJUL-DOR |
||
| 245 |
_aJulius Caesar _cEdited by T.S.Dorsch |
||
| 260 |
_aLondon _bmethuen & co. _c1962 |
||
| 300 | _alxxi,166 p. | ||
| 650 | _aShakespeare, William - criticism | ||
| 651 | _aEnglish Drama | ||
| 700 | _aDorch,T.S.,ed. | ||
| 850 | _aLCBED | ||
| 942 | _cBK | ||
| 999 |
_c21984 _d72463 |
||